Analiza pamiętników nadesłanych na konkurs "Życiorys własny robotnika"
| Titel: | Analiza pamiętników nadesłanych na konkurs "Życiorys własny robotnika" |
|---|---|
| Verfasser: | |
| In: |
Przegląd zachodni. [Polnische Ausgabe], Band 54, Heft 3 (1998), Seite 155-176 alle Artikel anzeigen |
| Veröffentlicht: | 1998 |
| Format: | Aufsatz |
| Sprache: | Polnisch |
X
alg: 39454474 001A $01999:12-11-16 001B $01999:08-04-21 $t21:10:38.000 001C $06050:19-11-16 $t09:00:36.000 001D $01999:12-11-16 001U $0utf8 001X $00 002@ $0Aox 003@ $0394544749 007A $0394544749 $aHEB 007T $0Herdww025914 010@ $apol 011@ $a1998 021A $aAnaliza pamiętników nadesłanych na konkurs "Życiorys własny robotnika" 027A $aDie Analyse der für den Wettbewerb "Eigener Lebenslauf des Arbeiters" eingesendeten Tagebücher 028A $aMaciszewska $dElżbieta 031A $d54 $e3 $h155-176 $j1998 039B $aIn $8--Abvc--. Przegląd zachodni. [Polnische Ausgabe]. - Poznań : Inst. Zachodni, 1945-. - ISSN 0033-2437 $x199800000540003845 $904745606X 045F $a900.94380904 $eDDC23BSB 045F/01 $a900 045F/03 $f0904 045F/03 $g438 045F/03 $g4385 045T $a7,41 $a3,6 046C $aDie Analyse der für den Wettbewerb "Eigener Lebenslauf des Arbeiters" eingesendeten Tagebücher $bÜbers. des Hauptsacht. lok: 39454474 78 exp: 39454474 78 1 #EPN 201B/01 $016-04-19 $t22:44:41.000 201U/01 $0utf8 203@/01 $0790655179 208@/01 $a12-11-16 $be 209A/01 $a/ $f000 $x00 220C/01 $aTitelaufnehmer: KS 244Z/01 $2Trx $#Silesia $#Śląsk $#Sliezsko $#Slezsko $8--Trx--Schlesien $x01 $9391173987 244Z/01 $2Trx $#Poola $#Lenkija $#Polija $#Polen Land $#Poland $#Lengyelország $#Poľsko $#Polsko $8--Trx--Polska$gkraj $x02 $9391345966 244Z/01 $#Kattowitz (Woiwodschaft) $#Województwo Katowickie $#Kattowitz Woiwodschaft $#Katowice Województwo $74030040-7 $8--Tg1--Woiwodschaft Kattowitz $x03 $9085079642 244Z/01 $aGeschichte 1918-1981 $x04 244Z/01 $2Trx $#päevaraamatud $#dienoraščiai $#Diaries $#naplók $#dzienniki diariusze $#denníky $#deníky $#journals $#pamiętniki $8--Trx--Tagebücher $x05 $939136670X 244Z/01 $2Trx $#töölised $#darbininkai $#workers $#munkás $#robotnicy $#robotníci $#dělníci $8--Trx--Arbeiter $x06 $9391380001 244Z/01 $2Trx $#igapäevaelu $#kasdieninis gyvenimas $#everyday life $#mindennapi élet $#życie codzienne $#život každodenný $#život každodenní $8--Trx--Alltagsleben $x07 $9391363026 244Z/01 $2Trx $#identiteedid, entnilised $#etniniai identitetai $#ethnic identities $#identitások, etnikai $#tożsamość etniczna $#totožnosti etnické $#identita etnická $#totožnosť etnická $#totožnost etnická $8--Trx--Identitäten, ethnische $x08 $9391368915 244Z/01 $2Trx $#identiteedid, rahvuslikud $#tautinė tapatybė $#national identity $#identitás, nemzeti $#świadomość narodowa $#totožnosť národná $#identita národní $#Nationalbewußtsein $#tożsamość narodowa $#uvedomenie národné $#uvědomění národní $8--Trx--Identität, nationale $x09 $9391365169 244Z/01 $2Trx $8--Trx--Zeitschriftenaufsatz $x10 $9391384341 245Z/01 $a06.04.01 $x01 247C/01 $82080>Marburg/Lahn, Herder-Institut, Forschungsbibliothek, Bibliographieportal $9336309341
| LEADER | 00000caa a22000002c 4500 | ||
|---|---|---|---|
| 001 | 394544749 | ||
| 003 | DE-603 | ||
| 005 | 20210408211038.0 | ||
| 007 | tu | ||
| 008 | 161112s1998 xx |||| | u00||u|pol c | ||
| 035 | |a (DE-599)HEB394544749 | ||
| 040 | |a DE-603 |b ger |c DE-603 |d DE-603 | ||
| 041 | |a pol | ||
| 082 | 0 | 4 | |8 1\u |a 900.94380904 |q DE-101 |2 23/BSB |
| 084 | |a 7,41 |a 3,6 |2 ssgn | ||
| 085 | |8 1\u |b 900 | ||
| 085 | |8 1\u |z 1 |s 0904 | ||
| 085 | |8 1\u |z 2 |s 438 | ||
| 085 | |8 1\u |z 2 |s 4385 | ||
| 100 | 1 | |a Maciszewska, Elżbieta | |
| 245 | 0 | 0 | |a Analiza pamiętników nadesłanych na konkurs "Życiorys własny robotnika" |
| 246 | 1 | |i Übers. des Hauptsacht. |a Die Analyse der für den Wettbewerb "Eigener Lebenslauf des Arbeiters" eingesendeten Tagebücher | |
| 246 | 1 | 3 | |a Die Analyse der für den Wettbewerb "Eigener Lebenslauf des Arbeiters" eingesendeten Tagebücher |
| 264 | 0 | |c 1998 | |
| 773 | 0 | 8 | |i In |t Przegląd zachodni. [Polnische Ausgabe] |d Poznań : Inst. Zachodni, 1945- |h 24 cm |x 0033-2437 |g Band 54, Heft 3 (1998), Seite 155-176 |w (DE-603)04745606X |w (DE-600)281538-2 |
| 924 | 0 | |9 2080 |a (DE-603)790655179 |b DE-2080 |c HES |d d |g / | |


